书目信息 |
| 题名: |
钟表
|
|
| 作者: | 陈祖维 编 | |
| 分册: | ||
| 出版信息: | 北京 轻工业出版社 1980.4 |
|
| 页数: | 274页 | |
| 开本: | 20cm | |
| 丛书名: | 轻工业生产知识丛书 | |
| 单 册: | ||
| 中图分类: | TH714.9 | |
| 科图分类: | ||
| 主题词: | 计量仪器 | |
| 电子资源: | ||
| ISBN: | ||
| 000 | 00599nam0 2200229 45 | |
| 001 | 0312221749 | |
| 005 | 20040520170737.3 | |
| 010 | @dCNY0.65 | |
| 091 | @a15042.1521 | |
| 100 | @a20031222d1980 km y0chiy0120 ea | |
| 101 | @achi | |
| 105 | @a z 000yy | |
| 200 | 1 | @a钟表@AZhong Biao@f陈祖维编@FChen Zu Wei Bian |
| 210 | @a北京@c轻工业出版社@d1980.4 | |
| 215 | @a274页@d20cm | |
| 225 | @a轻工业生产知识丛书 | |
| 410 | @12001 @a轻工业生产知识丛书 | |
| 606 | 0 | @a计量仪器 |
| 690 | @aTH714.9@v3 | |
| 701 | 0 | @a陈祖维@4编 |
| 801 | @aCN@bTSTCL@c20031222 | |
| 905 | @dTH714.9@e20@f2@b171229-230 | |
| 钟表/陈祖维编.-北京:轻工业出版社,1980.4 |
| 274页;20cm.-(轻工业生产知识丛书) |
| ISBN :CNY0.65 |
| ● |
| 相关链接 |
|
|
|
|
正题名:钟表
索取号:TH714.9/20
 
预约/预借
| 序号 | 登录号 | 条形码 | 馆藏地/架位号 | 状态 | 备注 |
| 1 | 0171229 | 001365702 | 密集书库/ [索取号:TH714.9/20] | 在馆 | |
| 2 | 0171230 | 001365784 | 第三借阅区/ [索取号:TH714.9/20] | 在馆 | |
| 3 | 0171231 | 001365748 | 第二样本阅览室/ [索取号:TH714.9/20] | 在馆 |